| 000 | 00000nam 2200000zi 4500 |
| 001 | 9.816913 |
| 003 | CaOODSP |
| 005 | 20250129151011 |
| 006 | m o d f |
| 007 | cr mn||||||||| |
| 008 | 170316e201702##quc obs f000 0 fre d |
| 020 | |a9780660053936 |
| 040 | |aCaOODSP|bfre|erda|cCaOODSP |
| 043 | |an-cn--- |
| 045 | |ay1y1 |
| 086 | 1 |aEn4-282/2016F-PDF |
| 245 | 00|aIndicateurs canadiens de durabilité de l'environnement : |bespèces exotiques envahissantes nouvellement établies au Canada. |
| 246 | 10|aEspèces exotiques envahissantes nouvellement établies au Canada |
| 250 | |a[Édition de février 2017]. |
| 264 | 1|aGatineau (Québec) : |bEnvironnement et changement climatique Canada = Environment and Climate Change Canada, |cfévrier 2017. |
| 264 | 4|c©2017 |
| 300 | |a1 ressource en ligne (12 pages) |
| 336 | |atexte|btxt|2rdacontent/fre |
| 337 | |ainformatique|bc|2rdamedia/fre |
| 338 | |aressource en ligne|bcr|2rdacarrier/fre |
| 500 | |aPublié aussi en anglais sous le titre : Canadian environmental sustainability indicators: newly established invasive alien species in Canada. |
| 504 | |aComprend des références bibliographiques. |
| 650 | 6|aEspèces introduites|zCanada|vStatistiques. |
| 650 | 6|aIndicateurs écologiques|zCanada. |
| 655 | 7|aStatistiques|2rvmgf |
| 710 | 1 |aCanada. |bEnvironnement et changement climatique Canada, |eorganisme de publication. |
| 775 | 08|tCanadian environmental sustainability indicators : |w(CaOODSP)9.816912 |
| 794 | |tIndicateurs canadiens de durabilité de l'environnement : |b(Décembre 2024)|w(CaOODSP)9.944339 |
| 856 | 40|qPDF|s164 Ko|uhttps://publications.gc.ca/collections/collection_2017/eccc/En4-282-2016-fra.pdf |